| 000 -LEADER |
| fixed length control field |
00386nam a22000977a 4500 |
| 008 - FIXED-LENGTH DATA ELEMENTS--GENERAL INFORMATION |
| fixed length control field |
170116b xxu||||| |||| 00| 0 eng d |
| 100 ## - MAIN ENTRY--AUTHOR'S NAME |
| Author's Name |
Campbell, John |
| 245 ## - TITLE STATEMENT |
| Title |
Czeslaw Slania, master engraver, 1921-2005 |
| 260 ## - PUBLICATION, DISTRIBUTION, ETC. (IMPRINT) |
| Place of publication, distribution, etc. |
Haumoana, Hawkes Bay, N.Z. |
| Name of publisher, distributor, etc. |
Radway Press |
| Date of publication, distribution, etc. |
2008 |
| 650 ## - TOPICAL TERM (Tag) |
| Topical term or geographic name |
Slania, Czeslaw, 1921-2005 | Poland -- Engravers | Poland -- Artists and Designers | Engraving | Designs | MLC |